01142 a2200169 45000010006000000050017000060080041000230030015000640400040000790800109001192450089002282640047003173000019003645050550003831000019009337000020009525900620260407155844.0260407a1968 arg spa dAR-UNSa-BCEJYS aAR-UNSa-BCEJYSbspacAR-UNSa-BCEJYS a339.9xEconomía internacional en general. Relaciones económicas internacionales. Economía mundial 10aEl capital monopolistapensayo sobre el orden económico y social de Estados Unidos 1aMéxico :bSiglo Veintiuno editoresc1968 a311 p.c20 cm. a1. La corporación gigante – 2. La tendencia creciente de los excedentes – 3. La absorción de los excedentes: consumo e inversión de los capitalistas – 4. La absorción de los excedentes: las campañas de venta – 5. La absorción de excedentes: gobierno civil – 6. La absorción de excedentes: militarismo e imperialismo – 7. Sobre la historia del capitalismo monopolista – 8. El capitalismo monopolista y las relaciones raciales – 9. Sobre la calidad de la sociedad capitalista monopolista – 10. El sistema irracional1 aBaran, Paul A.1 aSweezy, Paul M.